01394nam a2200349 a 4500001001000000003000500010005001700015008004100032010001100073011001100084040000900095090001000104100003300114245011700147260004100264500006000305502007900365590004000444590004000484650002800524650002100552650002000573650002600593650003700619856007000656901000700726942001000733942000600743999001900749952013600768952014000904000111553CHAP20220329144218.0150611s2015 mx a fsm |||||||spa d a108015 a108987 cCHAP aTesis1 aGuzmán Vega, Irene912943310aEvaluación de materiales como patrón para injerto de cucurbitáceash[En línea]cpor Irene Guzmán Vega. aChapingo, Méx. :bEl autor,c2015. aPara ver el contenido del material haga clic en la liga aTesis (Agr. en Horticultura Protegida) -- UACH. Departamento de Fitotecnia aE6096MTMb05c20150611lUCH01h1122 aE6096MTMb05c20150611lUCH01h131914aCucurbitáceas.92999614aInjertos.95880814aMelón.97443414aPortainjertos.99096814aPropagación de plantas.992417 aFinding aiduhttp://10.13.5.2/tesis/sist111553.pdfzTeclea aquí aBK cTESIS n0 c108015d108015 00104054718TESISaBCbBCd2015-06-11fTESISl0oTesisp33724002486017r2019-12-31 00:00:00w2019-12-31yTESISzRecien adquirido 00102local4053708TESISaBCbBCcPA_TESISd2015-06-11fTESISl0oTesisp33724002486058r2019-12-31 00:00:00tc.2w2019-12-31yTESIS